Nová verzia počítačových programov nas použitie v prevencii drogových závislostí

Bibliographic Details
Main Author: Nociar, Alojz, 1948- (Author)
Format: Article
Language:Slovak
PhysicalDescription:Grafy, tab.
ISSN:1336-3689
Subjects:

MARC

LEADER 00000nab a2200000 ar4500
001 vtls008962971
003 SK-MaSNL
005 20260303070737.0
008 070411c2005 xo qr|p|||an |000 b|slo
015 |a SNBRB2007/04 
038 |a SPK 
040 |a SPKCL  |b slo  |c 1997  |e AACR2 
041 0 |a slo  |b slo 
044 |a xo  |c SK 
072 7 |a 17  |x Etika. Morálna filozofia  |2 konspekt 
072 7 |a 004.4/.6  |x Programové vybavenie. Programové prostriedky  |2 konspekt 
080 |a 178.8  |2 UDC-MRF-SK2 
080 |a 004.42  |2 UDC-MRF-SK2 
100 1 |a Nociar, Alojz,  |d 1948-  |4 aut  |9 189001 
245 1 0 |a Nová verzia počítačových programov nas použitie v prevencii drogových závislostí  |c Alojz Nociar 
300 |b Grafy, tab. 
504 |a Bibliogr. odkazy 
546 |a Res. slov. 
650 0 7 |a drogy  |2 spk  |9 1552 
650 0 7 |a prevencia  |2 spk  |9 276631 
650 0 7 |a počítačové programy  |2 snkbucl  |9 1222 
773 0 |t Prevencia : informačný bulletin zameraný na prevenciu sociálno-patologických javov v rezorte školstva  |g Roč. IV, č. 4 (2005), s. 75-81  |x 1336-3689 
852 |a SPK  |b KIS3GCP 
958 |a NB  |2 spk 
999 |c 1756737  |d 1758667